| 000 | 00584nam a2200181 i 4500 | ||
|---|---|---|---|
| 001 | 72023 | ||
| 003 | ES-MaACL | ||
| 005 | 20250612063105.0 | ||
| 007 | t| | ||
| 008 | 040823s1935 sp ||||1| spa d | ||
| 100 | 1 |
_aGil, Bonifacio, _d1898-1964 _956719 |
|
| 245 | 1 | 0 |
_aFolcklore musical extremeño _b: principales rasgos de su origen y su riqueza tonal / _cBonifacio Gil García. |
| 260 |
_aBadajoz : _bLa Alianza, _c1935. |
||
| 300 |
_a13 p. ; _c22 cm. |
||
| 650 | 4 |
_aMúsica tradicional- _zExtremadura. _9163537 |
|
| 852 |
_aES-MaACL _j1819-F-22 |
||
| 999 |
_c72023 _d72023 |
||